000 00654nam a2200253Ia 4500
003 OSt
005 20220918165053.0
006 a|||||r|||| 00| 0
007 ta
008 220917b |||||||| |||| 00| 0 eng d
020 _a0874131235
024 _a31,261
037 _cTextual
040 _aARTS
_cARTS
_beng
041 _2eng
_aeng
082 _aO111,6L73w, L8
100 _aFlynn Phillip
_922469
245 0 _aFrancis Jeffrey
260 _aNawark
_bUniv Of delware Press
_c1978
300 _a218p.
_ccm.
650 _aENGLISH LITERATURE
942 _hO111,6L73w, L8
_cTEXL
_2CC
999 _c128118
_d128118